| 000 | 004380000a22001810004500 | ||
|---|---|---|---|
| 003 | MACL | ||
| 005 | 20151023143619.0 | ||
| 008 | 151023b xxu||||| |||| 00| 0 eng d | ||
| 040 |
_aMACL _cMACL |
||
| 041 | _aEnglish | ||
| 082 | _a954/DES | ||
| 100 |
_aDeshpande, Prachi _916438 |
||
| 245 | _aCreative Parts 1700-1960 | ||
| 260 |
_bPermanent Block _c2007 _aNew Delhi |
||
| 350 | _a650 | ||
| 650 |
_aHistory _916439 |
||
| 942 |
_cBK _k954 _2ddc |
||
| 999 |
_c8824 _d8824 |
||